000 00767nam a22001817a 4500
999 _c371694
_d371694
008 201127b ||||| |||| 00| 0 eng d
040 _aDE-2950
_bger
_cDE-2950
_erda
041 _ager
245 _aMehr als 100 junge Schauspieler werden in Frankfurt erwartet.
_bBühne: Am Mittwoch beginnen die 32. Kinder- und Jugendtheatertage. Zahlreiche Gruppen aus dem Inland und Ausland sind in der Stadt zu Gast/
_cRené Matschkowiak
264 _c2022
653 _aFrankfurt (Oder)
653 _aKinder- und Jugendtheatertage
773 _dFrankfurt (Oder) Märkisches Verlags- und Druckhaus GmbH & Co KG
_tMärkische Oderzeitung
_g33. Jahrgang (2022) Nr. 142 vom 21.06.2022, S. 16
942 _cA